| 000 | 01353nam a2200289 a 4500 | ||
|---|---|---|---|
| 001 | 25034 | ||
| 003 | CO-ViMGA | ||
| 008 | 141112s2004 ck r 000 u spa d | ||
| 020 | _a9789589342435 | ||
| 040 |
_aCO-ViMGA _bspa _cCO-ViMGA |
||
| 082 | 0 | 4 | _aI028.8 R62c |
| 100 | 1 |
_aRodríguez Rodríguez, Claudia _912654 |
|
| 245 | 1 | 0 |
_aCrecemos en una familia, crecemos en una cultura : _bcómo alentar el descubrimiento, la creación y la participación de los niños y las niñas / _ctextos Claudia Rodríguez Rodríguez y María Cristina Rincón Rivera ; diseño e ilustraciones Daniel Fajardo Bautista, Victoria Peters Rada |
| 250 | _a1a ed. | ||
| 260 |
_aBogotá : _bFundalectura, _c2012 |
||
| 300 | _a28 p. : il. col. : il. | ||
| 505 | _aHablemos, leamos y juguemos con los niños - - Despertemos su curiosidad y ganas de saber - - Animemos a nuestros niños a vivir y crear su entorno - - Disfrutemos lo que somos y lo que tenemos. | ||
| 650 | 1 | 4 |
_aBIBLIOTECAS PUBLICAS _92162 |
| 650 | 1 | 4 |
_aLECTURA EN VOZ ALTA _912656 |
| 650 | 1 | 4 |
_aLECTURA RECREATIVA _95169 |
| 650 | 1 | 4 |
_aLIBROS PARA BEBES _912676 |
| 650 | 1 | 4 |
_aLIBROS PARA NIÑOS _912677 |
| 650 | 1 | 4 |
_aPROMOCION DE LA LECTURA EN LA PRIMERA INFANCIA _912678 |
| 700 | 1 |
_aFajardo, Daniel Peters Rada, Victoria _912679 |
|
| 700 | 1 |
_aRincón Rivera, María Cristina _912657 |
|
| 942 |
_2ddc _cBK |
||
| 999 |
_c2464 _d2464 |
||